Biblioteca y Centro de Documentación

Amenazas sociales de la revolución digital (Registro nro. 52295)

Detalles MARC
000 -CABECERA
Longitud fija campo de control 01276nam a2200409.c 4500
001 - NÚMERO DE CONTROL
Número de control 52295
003 - IDENTIFICADOR DE NÚMERO DE CONTROL
Identificador del número de control ES-MaCES
005 - FECHA Y HORA DE LA ÚLTIMA TRANSACCIÓN
Fecha y hora de la última transacción 20251115040005.0
008 - CAMPO FIJO DE DESCRIPCIÓN FIJA--INFORMACIÓN GENERAL
Códigos de información de longitud fija   220524s2021 sp ||||| |||||||||||spa|d
017 ## - NÚMERO DE REGISTRO DE DERECHOS DE AUTOR Y DEPÓSITO LEGAL
Número de copyright o de depósito legal BI 02020-2021
Agencia que asigna el número DL
020 ## - ISBN (INTERNATIONAL STANDARD BOOK NUMBER)
Número Internacional Normalizado para Libros (ISBN) 9788409360925
040 ## - FUENTE DE CATALOGACIÓN
Centro catalogador de origen ES-MaCES
Lengua de catalogación spa
Centro transcriptor ES-MaCES
100 1# - ENCABEZAMIENTO PRINCIPAL--NOMBRE PERSONAL
9 (RLIN) 25653
Nombre de persona Velasco, Roberto
245 10 - MENCIÓN DE TÍTULO
Título Amenazas sociales de la revolución digital
Mención de responsabilidad, etc. Roberto Velasco
260 ## - PUBLICACIÓN, DISTRIBUCIÓN, ETC (PIE DE IMPRENTA)
Lugar de publicación, distribución, etc. Bilbado
Nombre del editor, distribuidor, etc. Tecsal Bilbao
Fecha de publicación, distribución, etc. [2021]
300 ## - DESCRIPCIÓN FÍSICA
Extensión 315 p.
Dimensiones 24 cm
504 ## - NOTA DE BIBLIOGRAFÍA, ETC.
Nota de bibliografía, etc. Bibliografía: p. 299-315
541 ## - NOTA DE LA FUENTE INMEDIANTE DE ADQUISICIÓN
Forma de adquisición Compra
650 #4 - ASIENTO SECUNDARIO DE MATERIA--TÉRMINO DE MATERIA
9 (RLIN) 30788
Término de materia o nombre geográfico como elemento inicial nuevas tecnologías
650 #4 - ASIENTO SECUNDARIO DE MATERIA--TÉRMINO DE MATERIA
9 (RLIN) 30104
Término de materia o nombre geográfico como elemento inicial tecnología de la información
650 #4 - ASIENTO SECUNDARIO DE MATERIA--TÉRMINO DE MATERIA
9 (RLIN) 29509
Término de materia o nombre geográfico como elemento inicial robot industrial
650 #4 - ASIENTO SECUNDARIO DE MATERIA--TÉRMINO DE MATERIA
9 (RLIN) 30166
Término de materia o nombre geográfico como elemento inicial inteligencia artificial
650 #4 - ASIENTO SECUNDARIO DE MATERIA--TÉRMINO DE MATERIA
9 (RLIN) 27082
Término de materia o nombre geográfico como elemento inicial consecuencias económicas
650 #4 - ASIENTO SECUNDARIO DE MATERIA--TÉRMINO DE MATERIA
9 (RLIN) 27288
Término de materia o nombre geográfico como elemento inicial consecuencias sociales
650 #4 - ASIENTO SECUNDARIO DE MATERIA--TÉRMINO DE MATERIA
9 (RLIN) 28299
Término de materia o nombre geográfico como elemento inicial empleo
650 #4 - ASIENTO SECUNDARIO DE MATERIA--TÉRMINO DE MATERIA
9 (RLIN) 30756
Término de materia o nombre geográfico como elemento inicial futuro del trabajo
650 #4 - ASIENTO SECUNDARIO DE MATERIA--TÉRMINO DE MATERIA
Término de materia o nombre geográfico como elemento inicial economía colaborativa
9 (RLIN) 37923
650 #4 - ASIENTO SECUNDARIO DE MATERIA--TÉRMINO DE MATERIA
9 (RLIN) 27324
Término de materia o nombre geográfico como elemento inicial ética
650 #4 - ASIENTO SECUNDARIO DE MATERIA--TÉRMINO DE MATERIA
9 (RLIN) 30789
Término de materia o nombre geográfico como elemento inicial desigualdad social
650 #4 - ASIENTO SECUNDARIO DE MATERIA--TÉRMINO DE MATERIA
9 (RLIN) 31101
Término de materia o nombre geográfico como elemento inicial seguridad ciudadana
650 #4 - ASIENTO SECUNDARIO DE MATERIA--TÉRMINO DE MATERIA
9 (RLIN) 26687
Término de materia o nombre geográfico como elemento inicial política exterior
650 #4 - ASIENTO SECUNDARIO DE MATERIA--TÉRMINO DE MATERIA
Término de materia o nombre geográfico como elemento inicial geografía política
9 (RLIN) 28776
650 #4 - ASIENTO SECUNDARIO DE MATERIA--TÉRMINO DE MATERIA
9 (RLIN) 28901
Término de materia o nombre geográfico como elemento inicial futuro
653 10 - TÉRMINO DE INDEXACIÓN--NO CONTROLADO
Término no controlado Ciencias Sociales-Políticas
902 ## - CES. TIPO DE DOCUMENTO
Tipodoc (006$c Sirtex) LIB Libro
942 ## - ELEMENTOS KOHA
Fuente de clasificaión o esquema Clasificación propia del CES
Koha [por defecto] tipo de item Monografías
Parte de clasificación Ciencias Sociales Politicas Empresariale
Existencias
Número de registro Signatura completa Tipo de item de Koha
092684 SG-7.0.-24 Monografías
© CES, Consejo Económico y Social de España 2021